Dzielnice Warszawy (na mapie) - Statystyki

Ogólne statystyki
  • Ten quiz został rozwiązany 213 razy
  • Średni wynik to 12 z 18
Odpowiedzi na mapie
Odpowiedzi zakodowano w zielono-czerwonej skali na mapie do tego quizu, zgodnie z poniższymi procentami.
 
Statystyki odpowiedzi
Odpowiedź % Poprawnych
Śródmieście
77%
Praga Południe
76%
Białołęka
75%
Praga Północ
75%
Bemowo
69%
Ursus
69%
Wawer
69%
Bielany
68%
Mokotów
63%
Rembertów
63%
Wesoła
63%
Targówek
62%
Żoliborz
62%
Wilanów
61%
Ursynów
60%
Włochy
58%
Ochota
56%
Wola
48%
Nie znaleziono quizów pasujących do podanych kryteriów
Rozkład punktacji
Procent ludzi z każdym wynikiem
Percentyl według liczby udzielonych odpowiedzi
Twoja historia wyników
Nie rozwiązałeś tego quizu